000
00281nam a2200109Ia 4500
008
220204s9999 xx 000 0 und d
082
_a
347.73
_b
HOM
245
0
_a
Notes on financial rules
260
_a
Delhi
_b
Manager of Publications
_c
1961
650
_a
Financial rules
942
_c
BK
999
_c
20115
_d
20115